000 00762nam a2200265Ia 4500
003 OSt
005 20221006160203.0
006 a|||||r|||| 00| 0
007 ta
008 221006b |||||||| |||| 00| 0 eng d
020 _a9781446090916
_c
_26.45
024 _a44,553
037 _bGift, Koren Embassy
_cTextual
040 _aEASL
_cEASL
_beng
041 _2eng
_aeng
082 _aNH495, Q1
100 _aBarber Edwin atlee
_9672287
245 0 _aHard paste porcelain oriental
_b China,Japan, Siam,Korea
260 _aNA
_bFerrero Press
_c2011
300 _a88p.
_ccm.
490 _v KEL
_aCeramic series no.9
650 _aKEL
942 _hNH495, Q1
_cTEXL
_2CC
999 _c1112645
_d1112645